Normal view
MARC view
- تأليف الجداية، محمد نور صالح، م مشارك سناء جودت خلف
Entry Personal Name
001 - CONTROL NUMBER
- control field: 57235
003 - CONTROL NUMBER IDENTIFIER
- control field: JO-AjAnu
005 - DATE AND TIME OF LATEST TRANSACTION
- control field: 20230606083356.0
008 - FIXED-LENGTH DATA ELEMENTS
- fixed length control field: 230606|| aca||aabn | a|a d
040 ## - CATALOGING SOURCE
- Original cataloging agency: JO-AjAnu
- Transcribing agency: JO-AjAnu
100 ## - HEADING--PERSONAL NAME
- Personal name: تأليف الجداية، محمد نور صالح، م مشارك سناء جودت خلف
670 ## - SOURCE DATA FOUND
- Source citation: Work cat.: (JO-AjAnu)29203: تأليف الجداية، محمد نور صالح، م مشارك سناء جودت خلف, author, تجارة الكترونية=Electronic Commerce(EC)